000 01074nam a2200289Ia 4500
003 OSt
005 20220925220449.0
006 a|||||r|||| 00| 0
007 ta
008 220923b |||||||| |||| 00| 0 eng d
020 _a0333277775
037 _cGeneral Book
040 _aRTL
_cRTL
_beng
041 _2eng
_aeng
082 _aX:77p1, N77, L9.2
100 _aBliss Christopher
_9248487
110 _aWorld Congress of the International Economics Association (5th) (Tokyo) (1977)
_9284831
245 0 _aEconomic growth and resourcesV3 natural resources
_b Proceedings of the fifth world congress of the international economic association held in Tokyo, Japan
260 _aLondon
_bMacmillan
_c1979
300 _axv,210p. V3
_ccm.
490 _vV1
650 _aEconomics Development
700 _a Boserup M
_9284832
700 _aWorld Congress of the International Economics Association (5th) (Tokyo) (1977)
_9284833
942 _hX:77p1, N77, L9.2
_cGB
_2CC
999 _c571546
_d571546